| 000 | 00705nam a2200217 a 4500 | ||
|---|---|---|---|
| 005 | 20240910064105.0 | ||
| 008 | 090609s2005 es r 000 0 spa d | ||
| 020 | _a8497351908 | ||
| 035 | _aUPN01000171102 | ||
| 049 | _aCG | ||
| 050 | 4 |
_aQP141 _bW9.6 |
|
| 100 | 1 | _aWynne, Amanda | |
| 245 | 1 | 3 |
_aEl poder de la alimentación positiva : _bprograma global para mantener su peso y vivir mejor / _cAmanda Wynne y Alison Crawshaw ; tr. Esther Gil. |
| 260 |
_aBarcelona, Esp. : _bAmat, _c2005. |
||
| 300 |
_a175 p. : _bil. |
||
| 534 |
_pTitulo original: _tThe power of positive eating |
||
| 650 | 4 |
_aNutrición _92193 |
|
| 650 | 4 |
_aAlimentos _92191 |
|
| 700 | 1 |
_aCrawshaw, Alison, _ecoaut. |
|
| 905 | _aLibro | ||
| 999 |
_c143207 _d143207 |
||